Recent advances in agricultural statistics research / (Record no. 12008)

000 -LEADER
fixed length control field 00760nam a2200217 a 4500
020 ## - INTERNATIONAL STANDARD BOOK NUMBER
ISBN 8122403174 :
040 ## - CATALOGING SOURCE
Transcribing agency DLC
082 ## - DEWEY DECIMAL CLASSIFICATION NUMBER
Classification number 630 WIL 1991 A039 Or.
245 00 - TITLE STATEMENT
Title Recent advances in agricultural statistics research /
260 ## - PUBLICATION, DISTRIBUTION, ETC. (IMPRINT)
Place of publication New Delhi :
Name of publisher Wiley Eastern,
Year of publication c1991.
300 ## - PHYSICAL DESCRIPTION
Number of Pages xiv, 473 p. ;
Dimensions 25 cm.
500 ## - GENERAL NOTE
General note Key note addresses and invited papers presented at three symposia organized by the Indian Agricultural Statistics Research Institute, New Delhi.
650 #0 - SUBJECT ADDED ENTRY--TOPICAL TERM
Topical Term Agriculture
650 #0 - SUBJECT ADDED ENTRY--TOPICAL TERM
Topical Term Agricultural ecology
650 #0 - SUBJECT ADDED ENTRY--TOPICAL TERM
Topical Term Agricultural estimating and reporting
650 #0 - SUBJECT ADDED ENTRY--TOPICAL TERM
Topical Term Agricultural surveys
650 #0 - SUBJECT ADDED ENTRY--TOPICAL TERM
Topical Term Agriculture
700 1# - ADDED ENTRY--PERSONAL NAME
Personal name Narain, P.
710 2# - ADDED ENTRY--CORPORATE NAME
Corporate name or jurisdiction name as entry element Indian Agricultural Statistics Research Institute.
942 ## - ADDED ENTRY ELEMENTS (KOHA)
Koha item type សៀវភៅភាសាអង់គ្លេស
952 ## - LOCATION AND ITEM INFORMATION (KOHA)
Withdrawn status [LOCAL, KOHA] 0
Holdings
Permanent Location Date acquired Koha item type Lost status Shelving location Barcode Current Location Full call number
Library Block A2017-08-09សៀវភៅភាសាអង់គ្លេស A039A20382Library Block A630 WIL 1991 A039 Or.
មជ្ឈមណ្ឌលឯការនៃសាកលវិទ្យាល័យភូមិន្ទកសិកម្មចំការដូង

Powered by Koha